تز کرۃ الکرام / (Record no. 190816)

MARC details
000 -LEADER
fixed length control field 00741nam a22002057a 4500
005 - DATE AND TIME OF LATEST TRANSACTION
control field 20220805123124.0
010 ## - LCCN (DPL NO)
LC control number UR-11663
020 ## - INTERNATIONAL STANDARD BOOK NUMBER
International Standard Book Number 9789393785633
Terms of availability 800.00
035 ## - SYSTEM CONTROL NUMBER
System control number U-10218
037 ## - SOURCE OF ACQUISITION
Source of stock number/acquisition DBAD/PUB
Stock number -
082 ## - DEWEY DECIMAL CLASSIFICATION NUMBER
Classification number 921
100 ## - MAIN ENTRY--PERSONAL NAME
Personal name محمود احمد عبّاسی
245 ## - TITLE STATEMENT
Title تز کرۃ الکرام /
Statement of responsibility, etc محمود احمد عبّاسی
Medium ا ر د و
246 ## - VARYING FORM OF TITLE
Title proper/short title Tazkiratul Kiram /
Remainder of title by Mahmood Ahmed Abbasi ; ed. by Hakeem Sirajuddin Hashmi
260 ## - PUBLICATION, DISTRIBUTION, ETC. (IMPRINT)
Place of publication, distribution, etc New Delhi
Name of publisher, distributor, etc Educational Publishing House
Date of publication, distribution, etc 2022 ء
270 ## - ADDRESS
Address H.O.D1/16, Ansari Road, Darya Ganj
City New Delhi
Postal code 110002
300 ## - PHYSICAL DESCRIPTION
Extent 468 ص
Dimensions 23cm(Hb)
700 ## - ADDED ENTRY--PERSONAL NAME
Personal name حکیم سراج الد ین ہاشمی
942 ## - ADDED ENTRY ELEMENTS (KOHA)
Source of classification or shelving scheme Dewey Decimal Classification
Item type Urdu Bks
Classification part 921
Call number suffix م ح م
Holdings
Withdrawn status Lost status Not for loan Collection code Home library Current library Date acquired Source of acquisition Cost, normal purchase price Full call number Barcode Copy number Cost, replacement price Koha item type
      Non-fiction Central Library Central Library 05/08/2022 DBAD/PUB 800.00 921 م ح م U-10218 1 800.00 Urdu Bks

© Delhi Public Library
Hit Counter
free hit counter